=LDR 00000nam 2200000 4500 =001 INLIS000000000036267 =005 20160213111624.0 =006 =007 =008 Ind =035 ##$$0010-061300000036267 =041 ##$$a Ind =082 ##$$a F Rom K =090 ##$$a F Rom K, Gro l =100 ##$$a Groot Dc =245 ##$$a Leonard si jenius, De Groot, Truk ; editor Maria Adisastika =260 ##$$a 2011 $b Jakarta =300 ##$$a 48 hlm, ilus, 28 cm =650 ##$$a Fiksi anak-anak =700 ##$$a Adissastika, Maria =850 ##$$a NBPNMAT =990 ##$$a 0001/BPAP-NTB/20142014 =990 ##$$a 0001/BPAP-NTB/2016 =990 ##$$a 0001/BPAP-NTB/2016